Primeiro livro de poesia (Registo nº 1600)
[ vista simples ]
| 000 -Etiqueta do registo | |
|---|---|
| Cabeçalho | 00879nam a22002771 4500 |
| 005 - Identificador da versão | |
| Campo de controlo | 20240813121911.0 |
| 010 ## - Número internacional normalizado dos livros (ISBN) | |
| Número (ISBN) | 9722105973 |
| 021 ## - Número do Depósito Legal | |
| Código do país | PT |
| Número | 49270/91 |
| 100 ## - Dados gerais de processamento | |
| Dados gerais de processamento | 20070216d1991 cday0pory5003 ba |
| 102 ## - Pais de publicação ou produção | |
| País de publicação | Portugal |
| 101 0# - Língua de publicação | |
| Língua do texto, banda sonora, etc. | Português |
| 106 ## - Campo de dados codificados: material textual | |
| Dados codificados do material textual | r |
| 105 ## - Campo de dados codificados: livros | |
| Dados codificados dos livros | a z 001gy |
| 215 ## - Descrição física | |
| Indicação específica da natureza do documento e extensão da espécie | 188 p. |
| Outras indicações físicas | il. |
| Dimensões | 19 cm |
| 200 1# - Titulo e menção de responsabilidade | |
| Título próprio | Primeiro livro de poesia |
| Informação de outro título | poemas em língua portuguesa para a infância e a adolescência |
| Primeira menção de responsabilidade | sel. Maria Alberta Menéres |
| Outras menções de responsabilidade | il. Júlio Resende |
| 205 ## - Menção da edição | |
| Menção da edição | 7ª ed. |
| 210 ## - Publicação, Distribuição, etc. | |
| Lugar da edição, distribuição, etc. | Lisboa |
| Nome do editor, distribuidor, etc. | Caminho |
| Data da publicação, distribuição, etc. | imp. 2001 |
| 606 ## - Nome comum usado como assunto | |
| Número de registo de entrada de autoridade | 0000011 |
| Palavra de ordem | Literatura portuguesa infanto-juvenil |
| Subdivisão de assunto | Poesia |
| 675 ## - Classificação Decimal Universal (CDU) | |
| Notação | 821.134.3-1 |
| Edição | 2ª |
| Língua da edição | por |
| 702 #1 - Nome de autor-pessoa física (responsabilidade secundária) | |
| Número de registo de entrada de autoridade | 0000013 |
| Palavra de ordem | Andresen |
| Outra parte do nome não tomada para palavra de ordem | Sophia de Mello Breyner |
| Datas | 1919-2004 |
| Código de função | Compilador |
| Número de registo de entrada de autoridade | 0000014 |
| Palavra de ordem | Resende |
| Outra parte do nome não tomada para palavra de ordem | Júlio |
| Elementos de identificação ou distinção | pseud. |
| Código de função | Ilustrador / Técnico de desenho computorizado |
| 942 ## - Elementos de entrada adicionados (Koha) | |
| Tipo de item no Koha | Livro |
| Situação do levantamento | Origin of item (home branch) (coded) | Biblioteca de empréstimo | Código de barras | Cota | Circulation type (not for loan) | Tipo de documento | Nota do exemplar | Damaged status |
|---|---|---|---|---|---|---|---|---|
| Biblioteca Escolar da Coca Maravilhas | Biblioteca Escolar da Coca Maravilhas | BECM7574 | 8POR AND | Livro | Sem mensagem | |||
| Biblioteca Escolar da Coca Maravilhas | Biblioteca Escolar da Coca Maravilhas | BECM7816 | 8POR AND | Livro | Sem mensagem |
